Upcoming Marvel Movies and Shows - Statistics

General Stats
  • This quiz has been taken 30 times
    2 since last reset
  • The average score is 6 of 13
Answer Stats
Year Movie/show % Correct
2026 Avengers Doomsday
100%
2027 Avengers Secret Wars
100%
TBA Shang-Chi 2
100%
2026 Spider-Man Brand New Day
100%
TBA Daredevil Born Again Season 2
50%
TBA Spider-Man Beyond the Spider-Verse
50%
TBA Your Friendly Neighborhood Spider-Man Season 2
50%
TBA Your Friendly Neighborhood Spider-Man Season 3
50%
TBA Armor Wars
0%
TBA Black Panther 3
0%
2026 Spider-Noir
0%
2026- VisionQuest
0%
2026 Wonder Man
0%
No matching quizzes found
Score Distribution
Percent of People with Each Score
Percentile by Number Answered
Your Score History
You have not taken this quiz since the last reset